000 00610nam a2200253Ia 4500
005 20260306152744.0
008 008 260114s9999 xx 000 0 eng d
020 _a9789386283009
037 _aEBOOK
040 _aCRL
040 _beng
040 _cCRL
041 _2eng
041 _aeng
084 _qCRL
100 _aBikarma Singh
_91084445
245 0 _aHimalayan Orchids: Distribution and Taxonomy
260 _bWAPP
260 _c2015
856 _uhttps://www.asapglobe.com/searchtitles.aspx?query=9789386283009
942 _cEBOOK
999 _c1701415
_d1701415